000 01118cam a22003374a 4500
001 16440385
003 NUST
005 20220725162303.0
008 100831s2011 nyua 000 0 eng
010 _a 2010037132
020 _a0071746552 (alk. paper)
038 _aAzhar
040 _aDLC
_cDLC
_dDLC
043 _an-us---
050 0 0 _aHF1131
_b.B543 2011
082 0 0 _a808.06665
_222
_bBOD
100 1 _aBodine, Paul,
_d1959-
_995009
245 1 0 _aGreat applications for business school
_cPaul S. Bodine.
250 _a2nd ed.
260 _aNew York :
_bMcGraw-Hill,
_cc2011.
300 _axvii, 233 p. :
_bill. ;
_c24 cm.
500 _aRev. ed. of: Great application essays for business school. 2006.
563 _aPB
650 0 _aBusiness schools
_zUnited States
_xAdmission.
_995010
650 0 _aExposition (Rhetoric)
_993660
650 0 _aCollege applications
_zUnited States.
_993659
650 0 _aBusiness writing.
_911500
906 _a7
_bcbc
_corignew
_d1
_eecip
_f20
_gy-gencatlg
942 _2ddc
_cLC
999 _c590597
_d590597